Statistics for Brazilian football players 2015-2016 #1

Click here to take the quiz!

General Stats

  • This quiz has been taken 106 times
  • The average score is 12 of 20

Answer Stats

Player% Correct
Neymar
95%
Hulk
88%
Philippe Coutinho
88%
Thiago Silva
86%
David Luiz
79%
Filipe Luis
69%
Luiz Gustavo
69%
Danilo
68%
Oscar
68%
Roberto Firmino
65%
Douglas Costa
64%
Paulinho
57%
Fernando
55%
Fred
51%
Casemiro
49%
Fabinho
39%
Hernanes
39%
Ronaldinho
39%
Alex Teixeira
27%
Elias
11%

Score Distribution

Percentile by Number Answered

Percent of People with Each Score

Your Score History

You have not taken this quiz